El Himalaya o la moral de los pájaros / (Registro nro. 2618)
[ vista simple ]
| 000 -LEADER | |
|---|---|
| fixed length control field | 01360nam a2200193 a 4500 |
| 008 - CAMPO DE CONTROL (LIBRO) | |
| fixed length control field | 190917t1970 ag |||g |||| 001 0 spa d |
| 041 ## - CODIGO DE IDIOMA | |
| Código de idioma del texto/pista de sonido o título separado | spa |
| 092 ## - SIGNATURA TOPOGRAFICA DEWEY LOCAL | |
| número de clasificación | 808 |
| libristica | 9 |
| sección | BUS |
| 100 1# - ENTRADA PRINCIPAL--NOMBRE PERSONAL | |
| Nombre personal | Bustos, Miguel Angel |
| 9 (RLIN) | 3467 |
| 245 #3 - TITULO PROPIAMENTE DICHO | |
| Título | El Himalaya o la moral de los pájaros / |
| Mención de responsabilidad y remanente de la transcripción de la portada | Miguel Angel Bustos |
| 250 ## - MENCION DE EDICION | |
| Mención de edición | 1a ed. |
| 260 ## - PIE DE IMPRENTA | |
| Lugar de publicación, distribución, etc | Buenos Aires: |
| Nombre de la editorial, distribuidor, etc | Sudamericana; |
| Fecha de publicación | 1970. |
| 300 ## - DESCRIPCION FISICA | |
| Extension | 121 p. |
| 500 ## - NOTA GENERAL | |
| Nota general | Bustos, M. A. (1970). El Himalaya o la moral de los pájaros. (1a ed.). Buenos Aires : Sudamericana. |
| 505 ## - NOTA DE CONTENIDO | |
| Nota de contenido formateada | "El Himayala o la moral de los pájaros" describe una visión ejemplar: el verbo encarnado en las civilizaciones precolombinas, la aparición de las mitologías propias, el tiempo como era solar (el tiempo dividido en soles), y el nacimiento del sol del tercer mundo (como política y rebelión). El lenguaje es en estas páginas instrumento y teoría musical a la vez, de manera que el libro se manifiesta en tu totalidad como el orbe cerrado de una partitura, una creación órfica que pera en cuentos niveles como un mantra arcaico. "El Himalaya" -de algún modo un poema de melancolía y ausencia- es también la apertura de una honda búsqueda que se manifiesta ante todo como la introducción a una "épica". |
| 590 ## - NOTAS LOCALES (RLIN) | |
| Nota local | Proyecto 4to libro, Donación Maria Vitarelli, Diciembre 2017 |
| 655 ## - MATERIA - GENERO/FORMA | |
| Género/Forma | Literatura |
| -- | 2917 |
| 942 ## - ADDED ENTRY ELEMENTS (KOHA) | |
| Source of classification or shelving scheme | Dewey Decimal Classification |
| Item type | LITERATURA |
| Estado de retiro | Existencia | Fuente de clasificación | Estado general | No para prestamo | Ubicación permanente | ubicación actual | Sala de ubicación | Fecha de adquisición | Fuente de adquisición | Total Checkouts | Número de clasificación | Código de barras | Date last seen | Date last borrowed | Número de ejemplar | Price effective from | Koha tipo de elemento (item) | Public note |
|---|---|---|---|---|---|---|---|---|---|---|---|---|---|---|---|---|---|---|
| Dewey Decimal Classification | Biblioteca Medicina | Biblioteca Medicina | Circulación | 27/12/2017 | Donación Maria Vitarelli, Diciembre 2017 | 1 | 808 9 BUS | 4124 | 21/03/2019 | 06/03/2019 | Ej. 1 | 27/12/2017 | LITERATURA | Proyecto 4to libro. Donación Maria Vitarelli, Diciembre 2017 |